Statistics for Elements Starting with E, F

Click here to take the quiz!

General Stats

  • This quiz has been taken 706 times
    (625 since last reset)
  • The average score is 6 of 7

Answer Stats

SymElement% Correct
FFluorine
97%
FrFrancium
89%
EuEuropium
85%
FmFermium
79%
EsEinsteinium
78%
ErErbium
76%
FlFlerovium
53%

Score Distribution

Percentile by Number Answered

Percent of People with Each Score

Your Score History

You have not taken this quiz since the last reset